000 00349nam a2200133Ia 4500
005 20260328104324.0
008 260328s9999||||xx |||||||||||||| ||und||
100 _aKoolhaas, Rem
245 0 _aRem Koolhaas Conversaciones Con Hans Ulrich Obrist. /
_cRem Koolhaas
260 _bGustavo Gili
300 _a87 p.
650 _aARQUITECTOS
942 _cBK
999 _c11462
_d11462